• 首页
  • 本馆介绍
  • 公告通知
  • 最新文献
  • 馆藏检索
  • 电子资源
  • 读者导购
  • 参考咨询
  • 我的图书馆
  • 登录
  • 详细信息显示
  • 放入我的书架
  • 预约/预借图书
  • 作者相关作品
  • 分类相关作品
  • 丛书相关作品
  • 出版社相关作品

书目信息

  • 表格格式
  • 工作单格式
  • 卡片格式
题名:
公路曲线测设用表
    
 
作者: ;交通部第二公路勘察设计院 编
分册:  
出版信息: 北京   人民交通出版社  1970
页数: 567页
开本: 19cm
丛书名:
单 册:
中图分类: U412.34-64
科图分类:
主题词: 道路工程
电子资源:
ISBN:
000 00733nam0 2200253 45
001 0175002385
005 20040518084102.5
010    @dCNY0.90
091    @a15044.1142
100    @a19951021d1970 em y0chiy0121 ea
101 0  @achi
102    @aCN@b110000
105    @aa z 000yy
106    @ar
200 10 @a公路曲线测设用表@Agong lu qu xian ce she yong biao@f交通部第二公路勘察设计院编
205    @a2版
210    @a北京@c人民交通出版社@d1970
215    @a567页@d19cm
606 0  @a道路工程
690    @aU412.34-64
711 02 @a交通部第二公路勘察设计院@Ajiao tong bu di er gong lu kan cha she ji yuan@4编
801  0 @aCN@b广东省中山图书馆@c20040518
801  2 @aCN@bNLC@c20040518
905    @f2@b8439-440@dU412.34-64@e83
    
    公路曲线测设用表/交通部第二公路勘察设计院编.-2版.-北京:人民交通出版社,1970
    567页;19cm
    
    
    ISBN :CNY0.90
    
●
相关链接 在E读中查询图书 在五车中查询图书 在当当中查询图书 在豆瓣中查询图书


正题名:公路曲线测设用表     索取号:U412.34-64/83         预约/预借

序号 登录号 条形码 馆藏地/架位号 状态 备注
1 0008439   001483219   第二样本阅览室/ [索取号:U412.34-64/83] 在馆    
2 0008440   001483273   第三借阅区/ [索取号:U412.34-64/83] 在馆    
唐山师范学院图书馆 欢迎您!
大连网信软件有限公司© 版权所有